| 000 | 01333nam a2200361 i 4500 | ||
|---|---|---|---|
| 001 | 768714001 | ||
| 003 | CO-MdFUSB | ||
| 005 | 20250711164535.0 | ||
| 007 | ta | ||
| 008 | 240511t1993 -us |||| |||| 001 0deng d | ||
| 020 | _a0-8308-1772-7 | ||
| 040 |
_aCO-MdFUSB _beng _cCO-MdFUSB _dCO-MdFUSB _erda |
||
| 041 | 0 | _aeng | |
| 082 | 0 | 4 |
_a230.044 _223 _bG828 |
| 100 | 1 |
_aGrenz, Stanley J. _eautor |
|
| 245 | 1 | 0 |
_aRevisioning evangelical theology _b: a fresh agenda for the 21st century _c/ Stanley J. Grenz |
| 264 | 1 |
_aIllinois, Estados Unidos : _bInterVarsity Press, _c[1993] |
|
| 264 | 4 | _c©1993 | |
| 300 |
_a208 páginas _c; 23 cm |
||
| 336 |
_2rdacontent _atexto _btxt |
||
| 337 |
_2rdamedia _asin mediación _bn |
||
| 338 |
_2rdacarrier _avolumen _bnc |
||
| 505 | _aReformulando de la identidad evangélica. -- Repensando de la espiritualidad evangélica. -- Repensando la tarea teológica. -- Reformulando las fuentes de la teología. -- Autoridad Biblica reformulada. -- Repensando el motivo integrador de la teología. -- Repensando a la iglesia. | ||
| 563 | _aRústica | ||
| 650 | 7 |
_aIglesia _9655 |
|
| 650 | 0 |
_aEvangelización _9362 |
|
| 653 | _aTeología cristiana | ||
| 653 | _aMovimientos y escuelas teológicas | ||
| 653 | _aEvangelicalismo | ||
| 942 | _cBK | ||
| 945 | _aLuz Peña | ||
| 999 |
_c44091 _d44091 |
||